Kunci kejayaan (Tamil)

Bibliographic Details
Main Author: Thiruyanam, Suki
Format: Book
Published: Chennai , Penerbitan Kannadhasan , 2006
Subjects:

MARC

LEADER 00000cam a2200000 7i4500
001 0000021328
005 20150201.0
008 080716
020 |a RM58.50 
090 0 0 |a 650.1   |b THI 
100 0 |a Thiruyanam, Suki 
245 0 0 |a Kunci kejayaan (Tamil)   |c Suki Thiruyanam 
260 |a Chennai ,   |c Penerbitan Kannadhasan ,   |c 2006 
650 0 |a Success in business 
650 0 |a Success   |x psychological aspects 
999 |a 0001030368   |b Book   |c Tamil Collection   |e Perbadanan Perpustakaan Awam Johor 
999 |a 0001030369   |b Book   |c Tamil Collection   |e Perbadanan Perpustakaan Awam Johor 
999 |a 0001030370   |b Book   |c Tamil Collection   |e Perbadanan Perpustakaan Awam Johor